Nároky na energii a role jaderné energetiky v 21. století

Vývoj nárokov na energiu do roku 2050. Súčasný stav jadrovej energetiky. Jadrová energetika, jadrová bezpečnosť a jadrové zbrane. Rádioaktívny odpad. Konkurencieschopnosť jadrovej energetiky. Zdroje pre rozvoj jadrovej energetiky.

Gespeichert in:
Bibliographische Detailangaben
1. Verfasser: Procházková, Dana
Format: Buchkapitel
Sprache:Tschechisch
Schlagworte:
Tags: Tag hinzufügen
Keine Tags, Fügen Sie das erste Tag hinzu!

MARC

LEADER 00000naa a2200000 4500
001 r033829
005 20230927115925.2
041 0 |a cze 
044 |a CZ 
245 1 0 |a Nároky na energii a role jaderné energetiky v 21. století  |c Dana Procházková 
520 |a Vývoj nárokov na energiu do roku 2050. Súčasný stav jadrovej energetiky. Jadrová energetika, jadrová bezpečnosť a jadrové zbrane. Rádioaktívny odpad. Konkurencieschopnosť jadrovej energetiky. Zdroje pre rozvoj jadrovej energetiky. 
610 2 0 |a energia atómová 
610 2 0 |a energia 
610 2 0 |a konkurencia 
610 2 0 |a elektrárne atómové 
610 2 0 |a bezpečnosť jadrová 
610 2 0 |a náklady 
610 2 0 |a prostredie životné 
610 2 0 |a reaktory 
100 1 |a Procházková, Dana